000 00773nam a22002897a 4500
001 BR7316354
003 BR-BrBNA
005 20230928095058.0
007 ta
008 230509b bl.||||| |||| 00| 0 por d
040 _aBR-BrBNA
_bpor
_cBiblioteca Nacional de Agricultura
041 _a(Por)
072 _aP10
090 _ P10 BR7316354
100 1 _aHarris, L.M.
100 1 _aVerwey, J.H. de la F.
110 1 _aEscritorio Tecnico de Agricultura, Rio de Janeiro, GB (Brasil)
_94428
245 1 _aPequenas barragens e reservatorios
260 3 _aRio de Janeiro, GB (Brasil):
_c1957.
300 _a85 p.
500 _a6 illus.
650 _aDrenagem
650 _aIrrigacao
650 _aBarragem
909 _a202309
_bLucia
_c55
_dLucia Elande
942 _cBK
999 _c54391
_d54391